[Event "FIDE Olympiad Disabilties 2020"]
[Site "Online"]
[Date "2020.11.21"]
[Round "7.14"]
[White "Marufa Azad, Sukanna"]
[Black "Interian Rodriguez, Alberto D."]
[Result "0-1"]
[WhiteElo "1164"]
[BlackElo "2119"]
[Annotator "TA"]
[PlyCount "84"]
[EventDate "2020.11.21"]
[EventType "team-tourn"]
[EventCountry "NET"]
[SourceTitle "playchess.com"]
[Source "ChessBase"]
[SourceQuality "1"]
[WhiteTeam "Bangladesh"]
[BlackTeam "Cuba"]
[WhiteTeamCountry "BAN"]
[BlackTeamCountry "CUB"]

1. e4 c5 2. Nf3 d6 3. d4 cxd4 4. Nxd4 Nf6 5. Nc3 g6 6. Nf3 Nc6 7. Bb5 Bd7 8. Be3 Bg7 9. O-O O-O 10. a3 a6 11. Ba4 b5 12. Bb3 Rc8 13. h3 Na5 14. Ba2 Bc6 15. Qd3 Nc4 16. Bc1 d5 17. exd5 Nxd5 18. Nxd5 Qxd5 19. Rd1 Qxd3 20. Rxd3 Nxb2 21. Bxb2 Bxb2 22. Rb1 Bf6 23. c4 Be4 24. Re3 Bxb1 25. Bxb1 bxc4 26. Ne1 Rfd8 27. Bc2 Rd2 28. g3 Bd4 29. Rf3 e5 30. Be4 Re2 31. Bd5 Rxe1+ 32. Kg2 Rc7 33. Rf6 Re2 34. a4 c3 35. Bb3 c2 36. Bxc2 Rcxc2 37. a5 Rxf2+ 38. Rxf2 Rxf2+ 39. Kh1 e4 40. Kg1 e3 41. g4 e2 42. g5 e1=Q# 0-1

[Event "FIDE Olympiad Disabilties 2020"]
[Site "Online"]
[Date "2020.11.21"]
[Round "7.15"]
[White "Fernandez Manrique, Agustin"]
[Black "Le, Van Viet"]
[Result "1-0"]
[WhiteElo "2090"]
[BlackElo "1438"]
[Annotator "TA"]
[PlyCount "77"]
[EventDate "2020.11.21"]
[EventType "team-tourn"]
[EventCountry "NET"]
[SourceTitle "playchess.com"]
[Source "ChessBase"]
[SourceQuality "1"]
[WhiteTeam "Spain"]
[BlackTeam "Vietnam"]
[WhiteTeamCountry "ESP"]
[BlackTeamCountry "VIE"]

1. c4 Nf6 2. Nc3 d5 3. cxd5 Nxd5 4. g3 g6 5. Bg2 Nxc3 6. bxc3 Bg7 7. Rb1 c6 8. Nf3 O-O 9. O-O Nd7 10. Qc2 Nb6 11. d3 Be6 12. c4 Qd7 13. a4 Nc8 14. Bb2 f6 15. Bc3 Bf7 16. Qb2 Rb8 17. a5 e5 18. Nd2 f5 19. Bxe5 Bxe5 20. Qxe5 Nd6 21. Qc5 Qe6 22. Nf3 b6 23. axb6 axb6 24. Qe5 Rfe8 25. Qxe6 Bxe6 26. Nd4 Bd7 27. Bxc6 Bxc6 28. Nxc6 Ra8 29. Rb2 Ra3 30. Nd4 Nc8 31. Rfb1 Rd8 32. Nc2 Rc3 33. Ne3 Ra3 34. Nd5 Rd6 35. Nxb6 Ne7 36. c5 Rc6 37. d4 Rc3 38. e3 Kf7 39. Nd7 1-0

[Event "FIDE Olympiad Disabilties 2020"]
[Site "Online"]
[Date "2020.11.21"]
[Round "7.15"]
[White "Nguyen, Van Quan"]
[Black "Olivera Gutierrez, Albert"]
[Result "1-0"]
[WhiteElo "1783"]
[BlackElo "2097"]
[Annotator "TA"]
[PlyCount "51"]
[EventDate "2020.11.21"]
[EventType "team-tourn"]
[EventCountry "NET"]
[SourceTitle "playchess.com"]
[Source "ChessBase"]
[SourceQuality "1"]
[WhiteTeam "Vietnam"]
[BlackTeam "Spain"]
[WhiteTeamCountry "VIE"]
[BlackTeamCountry "ESP"]

1. d4 Nf6 2. Nf3 g6 3. c4 Bg7 4. Nc3 d6 5. e4 O-O 6. Be2 Na6 7. h3 e5 8. Be3 exd4 9. Nxd4 Nc5 10. Qc2 Re8 11. Bf3 a5 12. Rd1 Qe7 13. Ndb5 Ncxe4 14. Nxe4 Nxe4 15. Bxe4 Qxe4 16. Qxe4 Rxe4 17. Nxc7 Rb8 18. O-O Rxc4 19. Ba7 Rxc7 20. Bxb8 Rc6 21. Rxd6 Rxd6 22. Bxd6 Bxb2 23. Rb1 Bf6 24. Rb5 a4 25. Ra5 Bd7 26. Ra8+ 1-0

[Event "FIDE Olympiad Disabilties 2020"]
[Site "Online"]
[Date "2020.11.21"]
[Round "7.15"]
[White "Le, Hoa Binh"]
[Black "Draghici Flutur, Gavril"]
[Result "0-1"]
[WhiteElo "1387"]
[BlackElo "2072"]
[Annotator "TA"]
[PlyCount "68"]
[EventDate "2020.11.21"]
[EventType "team-tourn"]
[EventCountry "NET"]
[SourceTitle "playchess.com"]
[Source "ChessBase"]
[SourceQuality "1"]
[WhiteTeam "Vietnam"]
[BlackTeam "Spain"]
[WhiteTeamCountry "VIE"]
[BlackTeamCountry "ESP"]

1. d4 d5 2. c4 dxc4 3. Nc3 a6 4. a4 Nc6 5. e3 Na5 6. Nf3 Nf6 7. Be2 g6 8. Nd2 Be6 9. O-O Bg7 10. Bf3 c6 11. Qe2 O-O 12. Rd1 Rc8 13. Nce4 Nxe4 14. Bxe4 Bd5 15. Bc2 f5 16. Nf3 Qd6 17. Ra3 b6 18. Bd2 Nb7 19. Bc3 b5 20. Nd2 b4 21. Nxc4 Qe6 22. Nb6 bxa3 23. Nxc8 Rxc8 24. Qxa6 c5 25. Qe2 cxd4 26. Bxd4 Bxd4 27. Rxd4 axb2 28. Rb4 Qc6 29. Rxb2 Bxg2 30. e4 Bxe4 31. Bxe4 fxe4 32. Rb4 Qc1+ 33. Kg2 Qg5+ 34. Kh3 Rc3+ 0-1

[Event "FIDE Olympiad Disabilties 2020"]
[Site "Online"]
[Date "2020.11.21"]
[Round "7.15"]
[White "Lago Carballo, Carmen"]
[Black "Nguyen, Thi Hong Chau"]
[Result "0-1"]
[WhiteElo "1328"]
[BlackElo "1366"]
[Annotator "NA RC"]
[PlyCount "80"]
[EventDate "2020.11.21"]
[EventType "team-tourn"]
[EventCountry "NET"]
[SourceTitle "playchess.com"]
[Source "ChessBase"]
[SourceQuality "1"]
[WhiteTeam "Spain"]
[BlackTeam "Vietnam"]
[WhiteTeamCountry "ESP"]
[BlackTeamCountry "VIE"]

1. e4 c5 2. Nf3 d6 3. c3 Nf6 4. h3 Nxe4 5. Qa4+ Bd7 6. Qxe4 Bc6 7. Qc2 Nd7 8. d4 Rc8 9. dxc5 Nxc5 10. Nd4 Be4 11. Bb5+ Bc6 12. Bxc6+ bxc6 13. O-O e6 14. Re1 Be7 15. Nd2 O-O 16. b4 Nd7 17. N2f3 c5 18. bxc5 Rxc5 19. Be3 Rc4 20. Qb3 Qc8 21. Rac1 d5 22. Nd2 Rc7 23. N2f3 Nc5 24. Qc2 Ne4 25. Ne2 Bf6 26. Bd2 Qb7 27. Nfd4 Rfc8 28. f3 Nd6 29. Nb3 Qb6+ 30. Kh1 Rc4 31. Ned4 Bxd4 32. Nxd4 Rxd4 33. Be3 Nf5 34. Bxd4 Nxd4 35. Qf2 Nf5 36. Qxb6 axb6 37. Re2 Ng3+ 38. Kh2 Nxe2 39. Rc2 Nxc3 40. g4 Rc4 0-1

[Event "FIDE Olympiad Disabilties 2020"]
[Site "Online"]
[Date "2020.11.21"]
[Round "7.16"]
[White "Molina, Gildardo"]
[Black "Siti Safura Jaafar"]
[Result "1-0"]
[WhiteElo "1998"]
[BlackElo "1231"]
[Annotator "TA"]
[PlyCount "53"]
[EventDate "2020.11.21"]
[EventType "team-tourn"]
[EventCountry "NET"]
[SourceTitle "playchess.com"]
[Source "ChessBase"]
[SourceQuality "1"]
[WhiteTeam "Colombia"]
[BlackTeam "Malaysia"]
[WhiteTeamCountry "COL"]
[BlackTeamCountry "MAS"]

1. e4 c5 2. d4 d6 3. Nf3 Bg4 4. Bc4 e6 5. Nc3 Be7 6. Be3 b6 7. h3 Bh5 8. g4 Bg6 9. Qe2 Nf6 10. e5 Ne4 11. Nxe4 Bxe4 12. dxc5 bxc5 13. Bxc5 Bc6 14. exd6 Bxd6 15. O-O-O Bf4+ 16. Kb1 Nd7 17. Bxe6 Qf6 18. Bxd7+ Kd8 19. Bxc6+ Kc7 20. Bxa8 Rxa8 21. Qc4 Qc6 22. Qxf4+ Kb7 23. Qxf7+ Ka6 24. Rd6 Kb5 25. Rxc6 Kxc6 26. b4 Rb8 27. Nd4# 1-0

[Event "FIDE Olympiad Disabilties 2020"]
[Site "Online"]
[Date "2020.11.21"]
[Round "7.16"]
[White "Giraldo Bohorquez, Lucas"]
[Black "Juarih, Norazlin"]
[Result "0-1"]
[WhiteElo "1693"]
[BlackElo "1480"]
[Annotator "NA RC"]
[PlyCount "84"]
[EventDate "2020.11.21"]
[EventType "team-tourn"]
[EventCountry "NET"]
[SourceTitle "playchess.com"]
[Source "ChessBase"]
[SourceQuality "1"]
[WhiteTeam "Colombia"]
[BlackTeam "Malaysia"]
[WhiteTeamCountry "COL"]
[BlackTeamCountry "MAS"]

1. d4 c6 2. c4 d5 3. Nc3 Nf6 4. e3 e6 5. Nf3 a6 6. b3 Bb4 7. Bd2 O-O 8. Bd3 Nbd7 9. O-O Bd6 10. Qc2 h6 11. Rad1 Re8 12. Rfe1 e5 13. dxe5 Nxe5 14. Nxe5 Bxe5 15. g3 b5 16. cxd5 cxd5 17. Bf5 Bxf5 18. Qxf5 b4 19. Ne2 a5 20. Nd4 Bxd4 21. exd4 Ne4 22. Re2 Ra6 23. Rde1 Rae6 24. Be3 Nc3 25. Rc2 g6 26. Qh3 h5 27. Qf1 Qf6 28. Qd3 h4 29. Kg2 Kg7 30. Rec1 g5 31. Rxc3 bxc3 32. Qxc3 Rh8 33. Qd3 h3+ 34. Kg1 Qf3 35. Qf1 g4 36. Rc3 Rhe8 37. a3 Kg6 38. b4 axb4 39. axb4 Ra8 40. b5 Ra1 41. Rc1 Rxc1 42. Qxc1 Qg2# 0-1

[Event "FIDE Olympiad Disabilties 2020"]
[Site "Online"]
[Date "2020.11.21"]
[Round "7.16"]
[White "Loo, Pin Xie"]
[Black "Mesa, Francisco Alonso Jr."]
[Result "1-0"]
[WhiteElo "1571"]
[BlackElo "1837"]
[Annotator "NA RC"]
[PlyCount "71"]
[EventDate "2020.11.21"]
[EventType "team-tourn"]
[EventCountry "NET"]
[SourceTitle "playchess.com"]
[Source "ChessBase"]
[SourceQuality "1"]
[WhiteTeam "Malaysia"]
[BlackTeam "Colombia"]
[WhiteTeamCountry "MAS"]
[BlackTeamCountry "COL"]

1. e4 c5 2. Nc3 e6 3. g3 Nc6 4. Bg2 Nf6 5. d3 d5 6. Nge2 d4 7. Nb1 Be7 8. O-O O-O 9. f4 Rb8 10. h3 h6 11. Nd2 Nh7 12. Nb3 f5 13. g4 fxg4 14. hxg4 Bd7 15. f5 e5 16. Ng3 b6 17. Kf2 Bg5 18. Rh1 Bxc1 19. Qxc1 Qg5 20. Qxg5 Nxg5 21. a3 Be8 22. Ke2 Bf7 23. Nd2 Kh7 24. Rh2 Rbc8 25. Rah1 Bg8 26. Nf3 Nxf3 27. Kxf3 Nd8 28. g5 Rc6 29. Kg4 c4 30. f6 Be6+ 31. Nf5 Bxf5+ 32. exf5 Kg8 33. Bxc6 Nxc6 34. fxg7 hxg5 35. Rh8+ Kxg7 36. R1h7+ 1-0

[Event "FIDE Olympiad Disabilties 2020"]
[Site "Online"]
[Date "2020.11.21"]
[Round "7.16"]
[White "Abdul Sani, Wahidah Syamimi"]
[Black "Molina Valdes, Luisa Fernanda"]
[Result "0-1"]
[WhiteElo "308"]
[BlackElo "1651"]
[Annotator "NA RC"]
[PlyCount "20"]
[EventDate "2020.11.21"]
[EventType "team-tourn"]
[EventCountry "NET"]
[SourceTitle "playchess.com"]
[Source "ChessBase"]
[SourceQuality "1"]
[BlackTeam "Colombia"]
[BlackTeamCountry "COL"]

1. e4 d5 2. Nf3 dxe4 3. Ne5 Nf6 4. Nc3 Qd4 5. Bb5+ c6 6. Ba4 Qxe5 7. O-O Ng4 8. f4 exf3 9. Re1 Qxh2+ 10. Kf1 Qxg2# 0-1

[Event "FIDE Olympiad Disabilties 2020"]
[Site "Online"]
[Date "2020.11.21"]
[Round "7.17"]
[White "Lipilin, Ilia"]
[Black "Krishna Reddy Garugu"]
[Result "1-0"]
[WhiteElo "2189"]
[BlackElo "1475"]
[Annotator "TA"]
[PlyCount "89"]
[EventDate "2020.11.21"]
[EventType "team-tourn"]
[EventCountry "NET"]
[SourceTitle "playchess.com"]
[Source "ChessBase"]
[SourceQuality "1"]
[WhiteTeam "Russia"]
[BlackTeam "India"]
[WhiteTeamCountry "RUS"]
[BlackTeamCountry "IND"]

1. d4 Nf6 2. c4 c5 3. d5 e6 4. Nc3 exd5 5. cxd5 d6 6. e4 g6 7. Nf3 Bg7 8. h3 O-O 9. Bd3 b5 10. O-O b4 11. Ne2 Re8 12. Ng3 Ba6 13. Re1 c4 14. Bf1 Qa5 15. Bf4 Qb6 16. Rc1 Nfd7 17. Be3 Qc7 18. Bd4 Ne5 19. Bxe5 Bxe5 20. Nxe5 Rxe5 21. Qd4 Nd7 22. Bxc4 Qb6 23. Qxb6 axb6 24. f3 Nc5 25. Red1 Re7 26. Rd4 Bxc4 27. Rcxc4 Rxa2 28. Rxb4 Rb7 29. Ne2 Nd7 30. Nc3 Ra1+ 31. Rd1 Rxd1+ 32. Nxd1 Kf8 33. Nc3 Ke7 34. Nb5 Ne5 35. Kf1 Nd3 36. Rb3 Nc5 37. Ra3 f5 38. exf5 gxf5 39. b4 Nd7 40. Re3+ Kf6 41. Re6+ Kg5 42. g3 f4 43. Nxd6 Ra7 44. Ne4+ Kh5 45. g4+ 1-0

[Event "FIDE Olympiad Disabilties 2020"]
[Site "Online"]
[Date "2020.11.21"]
[Round "7.17"]
[White "Kavlekar, Sanjay R."]
[Black "Tsapalin, Sergey"]
[Result "0-1"]
[WhiteElo "1730"]
[BlackElo "1943"]
[Annotator "TA"]
[PlyCount "92"]
[EventDate "2020.11.21"]
[EventType "team-tourn"]
[EventCountry "NET"]
[SourceTitle "playchess.com"]
[Source "ChessBase"]
[SourceQuality "1"]
[WhiteTeam "India"]
[BlackTeam "Russia"]
[WhiteTeamCountry "IND"]
[BlackTeamCountry "RUS"]

1. e4 c5 2. Nf3 d6 3. d4 cxd4 4. Nxd4 Nf6 5. Nc3 a6 6. g3 e5 7. Nde2 Be7 8. Bg2 O-O 9. O-O Bg4 10. f3 Be6 11. Be3 d5 12. exd5 Nxd5 13. Nxd5 Bxd5 14. Nc3 Bc6 15. Qxd8 Rxd8 16. Rad1 Nd7 17. f4 Bxg2 18. Kxg2 exf4 19. Bxf4 Nf6 20. h3 Kf8 21. Rxd8+ Rxd8 22. Rd1 Rxd1 23. Nxd1 Nd5 24. c4 Nxf4+ 25. gxf4 Bf6 26. b4 b5 27. Ne3 bxc4 28. Nxc4 Bc3 29. a3 Ke7 30. Kf3 Ke6 31. Ke4 f5+ 32. Kd3 Bf6 33. a4 g6 34. b5 axb5 35. axb5 Kd5 36. b6 Kc6 37. Ne5+ Bxe5 38. fxe5 Kxb6 39. h4 Kc6 40. Ke3 Kd5 41. Kf4 Ke6 42. h5 gxh5 43. Kg5 Kxe5 44. Kxh5 f4 45. Kh6 f3 46. Kxh7 f2 0-1

[Event "FIDE Olympiad Disabilties 2020"]
[Site "Online"]
[Date "2020.11.21"]
[Round "7.17"]
[White "Dorozhkina, Mariya"]
[Black "Kanishri R P"]
[Result "0-1"]
[WhiteElo "1705"]
[BlackElo "1098"]
[Annotator "NA RC"]
[PlyCount "88"]
[EventDate "2020.11.21"]
[EventType "team-tourn"]
[EventCountry "NET"]
[SourceTitle "playchess.com"]
[Source "ChessBase"]
[SourceQuality "1"]
[WhiteTeam "Russia"]
[BlackTeam "India"]
[WhiteTeamCountry "RUS"]
[BlackTeamCountry "IND"]

1. d4 Nf6 2. c4 c5 3. d5 b5 4. cxb5 a6 5. bxa6 Bxa6 6. Nc3 g6 7. e4 Bxf1 8. Kxf1 d6 9. Nf3 Bg7 10. g3 Nbd7 11. Kg2 Qb6 12. Qc2 O-O 13. Rb1 Ng4 14. Na4 Qa6 15. b3 f5 16. Bb2 Bxb2 17. Rxb2 Nxf2 18. Kxf2 fxe4 19. Qxe4 Ne5 20. Kg2 Nxf3 21. Qe6+ Rf7 22. Rf2 Ng5 23. Qe3 Rxf2+ 24. Kxf2 Rf8+ 25. Kg2 Rf3 26. Qxg5 Qe2+ 27. Kh3 Rf5 28. Nc3 Qf3 29. Qxf5 Qxf5+ 30. Kg2 Qc2+ 31. Kh3 Qxc3 32. Rf1 Qc2 33. a4 Qxb3 34. a5 Qxd5 35. Ra1 Qa8 36. a6 h5 37. a7 g5 38. Ra3 Kf7 39. g4 h4 40. Re3 Qxa7 41. Rf3+ Kg6 42. Rf5 c4 43. Rf3 c3 44. Rxc3 Qf2 0-1

[Event "FIDE Olympiad Disabilties 2020"]
[Site "Online"]
[Date "2020.11.21"]
[Round "7.17"]
[White "Marimuthu K"]
[Black "Anfinogenov, Artem"]
[Result "0-1"]
[WhiteElo "1588"]
[BlackElo "2061"]
[Annotator "TA"]
[PlyCount "110"]
[EventDate "2020.11.21"]
[EventType "team-tourn"]
[EventCountry "NET"]
[SourceTitle "playchess.com"]
[Source "ChessBase"]
[SourceQuality "1"]
[WhiteTeam "India"]
[BlackTeam "Russia"]
[WhiteTeamCountry "IND"]
[BlackTeamCountry "RUS"]

1. d4 Nf6 2. c4 c5 3. d5 e6 4. Nc3 exd5 5. cxd5 Bd6 6. Nf3 O-O 7. g3 a6 8. a4 Bc7 9. Bg2 d6 10. Bg5 h6 11. Bd2 Re8 12. O-O Nbd7 13. Qc2 Nf8 14. h3 Bd7 15. e4 b5 16. axb5 axb5 17. Nh4 b4 18. Ne2 g5 19. Nf3 Nxe4 20. Rxa8 Qxa8 21. Bxb4 Qxd5 22. Bc3 Qf5 23. g4 Qg6 24. Ng3 Nxg3 25. Qxg6+ Nxg6 26. fxg3 d5 27. Re1 Bxg3 28. Rxe8+ Bxe8 29. Bf1 d4 30. Ba5 Bc6 31. Nd2 Ne5 32. Bg2 Be1 33. Nf3 Bxf3 34. Bxe1 Bxg2 35. Kxg2 Nd3 36. Ba5 Nxb2 37. Bb6 d3 38. Ba5 Nc4 39. Bc3 d2 40. Bxd2 Nxd2 41. Kf2 Ne4+ 42. Ke3 Nd6 43. Kd3 c4+ 44. Kc3 h5 45. Kd4 hxg4 46. hxg4 f5 47. gxf5 g4 48. f6 g3 49. Ke3 c3 50. Kd3 g2 51. Kxc3 g1=Q 52. Kb3 Kf7 53. Ka3 Qb6 54. Ka2 Nc4 55. Ka1 Qb2# 0-1

[Event "FIDE Olympiad Disabilties 2020"]
[Site "Online"]
[Date "2020.11.21"]
[Round "7.18"]
[White "Kozhabekov, Adilkhan"]
[Black "Johari, Mohd Johar"]
[Result "1-0"]
[WhiteElo "2080"]
[BlackElo "1241"]
[Annotator "TA"]
[PlyCount "71"]
[EventDate "2020.11.21"]
[EventType "team-tourn"]
[EventCountry "NET"]
[SourceTitle "playchess.com"]
[Source "ChessBase"]
[SourceQuality "1"]
[WhiteTeam "Kazakhstan"]
[BlackTeam "Malaysia"]
[WhiteTeamCountry "KAZ"]
[BlackTeamCountry "MAS"]

1. e4 e5 2. Nf3 Nc6 3. Bb5 Nd4 4. Nxd4 exd4 5. O-O c6 6. Bc4 d6 7. c3 dxc3 8. bxc3 Be7 9. d4 Nf6 10. Qc2 d5 11. exd5 cxd5 12. Bd3 O-O 13. Bg5 h6 14. Bf4 Bd6 15. Bxd6 Qxd6 16. Nd2 Be6 17. h3 Rfe8 18. Rfe1 Bd7 19. Nf3 Qf4 20. Ne5 Qg5 21. Re3 Rad8 22. Rae1 Be6 23. Rg3 Qh4 24. Ree3 Nd7 25. Bh7+ Kf8 26. Bf5 Bxf5 27. Qxf5 Qf6 28. Nxd7+ Rxd7 29. Qxd7 Rd8 30. Qxb7 Qd6 31. Rgf3 Rd7 32. Qc8+ Rd8 33. Qf5 Rd7 34. Qh7 f6 35. Qh8+ Kf7 36. Qe8# 1-0

[Event "FIDE Olympiad Disabilties 2020"]
[Site "Online"]
[Date "2020.11.21"]
[Round "7.18"]
[White "Ab Rahman, Muhd Ikmal Faiz"]
[Black "Soltanov, Serik"]
[Result "0-1"]
[WhiteElo "1414"]
[BlackElo "2266"]
[Annotator "TA"]
[PlyCount "88"]
[EventDate "2020.11.21"]
[EventType "team-tourn"]
[EventCountry "NET"]
[SourceTitle "playchess.com"]
[Source "ChessBase"]
[SourceQuality "1"]
[WhiteTeam "Malaysia"]
[BlackTeam "Kazakhstan"]
[WhiteTeamCountry "MAS"]
[BlackTeamCountry "KAZ"]

1. e4 Nf6 2. Nc3 d6 3. d4 g6 4. g3 Bg7 5. Bg2 O-O 6. Nge2 Nc6 7. O-O e5 8. dxe5 Nxe5 9. h3 Be6 10. Nd4 Bd7 11. Bg5 h6 12. Bd2 c6 13. a4 Nc4 14. b3 Nxd2 15. Qxd2 Qa5 16. Rad1 Qh5 17. Nce2 Rad8 18. Nf4 Qc5 19. Rfe1 Rfe8 20. c3 Qb6 21. b4 c5 22. a5 Qc7 23. Nb3 Bc6 24. Nd5 Nxd5 25. exd5 Ba4 26. Qa2 Rxe1+ 27. Rxe1 Bxc3 28. Re3 Bxb3 29. Qxb3 cxb4 30. Qa4 Qd7 31. Qb3 Re8 32. Qc4 Rxe3 33. fxe3 Qf5 34. e4 Qf6 35. Qc8+ Kg7 36. Qxb7 Bd4+ 37. Kh2 Qf2 38. h4 Qe1 39. Qb5 Qc3 40. Qc6 Be5 41. a6 Qxg3+ 42. Kg1 Bd4+ 43. Kh1 Qxh4+ 44. Bh3 Qxh3# 0-1

[Event "FIDE Olympiad Disabilties 2020"]
[Site "Online"]
[Date "2020.11.21"]
[Round "7.18"]
[White "Nuserova, Almash"]
[Black "Cindy, Yeo Siaw Hui"]
[Result "1-0"]
[WhiteElo "1245"]
[BlackElo "563"]
[Annotator "NA RC"]
[PlyCount "121"]
[EventDate "2020.11.21"]
[EventType "team-tourn"]
[EventCountry "NET"]
[SourceTitle "playchess.com"]
[Source "ChessBase"]
[SourceQuality "1"]
[WhiteTeam "Kazakhstan"]
[WhiteTeamCountry "KAZ"]

1. d4 Nf6 2. c4 c5 3. Nf3 d5 4. Nc3 e6 5. Bg5 Be7 6. e3 h6 7. Bxf6 Bxf6 8. cxd5 exd5 9. dxc5 O-O 10. Qxd5 Qa5 11. Qd2 Qxc5 12. Ne4 Qb6 13. Nxf6+ Qxf6 14. Be2 b6 15. O-O Nd7 16. Rfd1 Nc5 17. b3 Ne4 18. Qd5 Bf5 19. Qe5 Nc3 20. Qxf6 gxf6 21. Rd2 Rac8 22. Bc4 Rc7 23. Nh4 Bh7 24. h3 b5 25. Bd3 a5 26. Bxh7+ Kg7 27. Bf5 Re8 28. Kf1 Ne4 29. Bxe4 Rxe4 30. Nf5+ Kg6 31. Nd6 Re6 32. Nxb5 Rce7 33. Rc1 Re5 34. Nd4 Rd7 35. Ke2 f5 36. f4 Red5 37. Rcc2 h5 38. Nc6 R5d6 39. Rxd6+ Rxd6 40. Nxa5 Kg7 41. Rc5 Rg6 42. Kf2 Ra6 43. a4 Kg6 44. Rc6+ Rxc6 45. Nxc6 Kf6 46. a5 Ke6 47. a6 Kd6 48. Na5 Kc7 49. a7 Kb6 50. a8=Q Kb5 51. Ke2 Kb4 52. Kd3 Kb5 53. Qd5+ Kb4 54. Nc6+ Ka3 55. b4 Ka4 56. Qa5+ Kb3 57. Nd4+ Kb2 58. b5 Kc1 59. Qd2+ Kb1 60. Kc3 Ka1 61. Qb2# 1-0

[Event "FIDE Olympiad Disabilties 2020"]
[Site "Online"]
[Date "2020.11.21"]
[Round "7.18"]
[White "Osman, Saiful Azham"]
[Black "Zhukovskaya, Nina"]
[Result "1-0"]
[WhiteElo "1242"]
[BlackElo "1475"]
[Annotator "NA RC"]
[PlyCount "91"]
[EventDate "2020.11.21"]
[EventType "team-tourn"]
[EventCountry "NET"]
[SourceTitle "playchess.com"]
[Source "ChessBase"]
[SourceQuality "1"]
[BlackTeam "Kazakhstan"]
[BlackTeamCountry "KAZ"]

1. e4 g6 2. d4 d6 3. Nf3 Nf6 4. Bd3 Bg7 5. O-O O-O 6. Nc3 Nbd7 7. b3 e5 8. Bb2 Re8 9. Re1 b6 10. Qd2 Bb7 11. d5 Nc5 12. b4 Nxd3 13. Qxd3 a5 14. a3 Nd7 15. Nb5 Ba6 16. c4 Bxb5 17. cxb5 axb4 18. axb4 Nf6 19. h3 Qd7 20. Ra6 Rec8 21. Rea1 Qd8 22. Qc4 Rxa6 23. Rxa6 Ne8 24. Bc1 f6 25. Be3 Ra8 26. Qc6 Rb8 27. Nh4 Kf7 28. f3 Bf8 29. g4 h6 30. Kf2 Bg7 31. Ng2 g5 32. h4 Qc8 33. h5 Qd8 34. Kg3 Qc8 35. Ra7 Bf8 36. Ne1 Be7 37. Nc2 Bf8 38. Na3 Be7 39. Nc4 Qd8 40. Rb7 Ra8 41. Nd2 Ra4 42. Qc3 Ra8 43. Nb1 Qc8 44. Qc6 Ra4 45. Bxb6 Rxb4 46. Bxc7 1-0

[Event "FIDE Olympiad Disabilties 2020"]
[Site "Online"]
[Date "2020.11.21"]
[Round "7.19"]
[White "Sanz Arilla, Luis"]
[Black "Gelman, Gennadiy"]
[Result "1-0"]
[WhiteElo "2254"]
[BlackElo "1919"]
[Annotator "TA"]
[PlyCount "91"]
[EventDate "2020.11.21"]
[EventType "team-tourn"]
[EventCountry "NET"]
[SourceTitle "playchess.com"]
[Source "ChessBase"]
[SourceQuality "1"]
[WhiteTeam "Spain"]
[BlackTeam "Azerbaijan"]
[WhiteTeamCountry "ESP"]
[BlackTeamCountry "AZE"]

1. d4 d5 2. c4 e6 3. Nc3 Nf6 4. cxd5 exd5 5. Bg5 Be7 6. e3 c6 7. Bd3 O-O 8. Qc2 h6 9. Bf4 Bd6 10. Nge2 b6 11. O-O Na6 12. a3 c5 13. Qa4 c4 14. Bb1 Bxf4 15. Nxf4 Nc7 16. Qc2 Re8 17. Qe2 Ne6 18. Qf3 Nxf4 19. Qxf4 a6 20. a4 Be6 21. Qh4 Rb8 22. h3 b5 23. axb5 axb5 24. Ne2 Nh7 25. Qxd8 Rexd8 26. f3 f5 27. Nf4 Kf7 28. Ra7+ Rd7 29. Rxd7+ Bxd7 30. Nxd5 Nf6 31. Nb4 Re8 32. e4 Nh5 33. e5 Ra8 34. Bc2 Nf4 35. Kf2 g6 36. h4 Be6 37. g3 Nd5 38. Nxd5 Bxd5 39. Ke3 b4 40. h5 b3 41. Bb1 Rc8 42. hxg6+ Kxg6 43. g4 Be6 44. Rg1 c3 45. gxf5+ Kh5 46. Kf4 1-0

[Event "FIDE Olympiad Disabilties 2020"]
[Site "Online"]
[Date "2020.11.21"]
[Round "7.19"]
[White "Shahpalangov, Aydin"]
[Black "Amato, Leonel"]
[Result "0-1"]
[WhiteElo "1945"]
[BlackElo "2100"]
[Annotator "TA"]
[PlyCount "124"]
[EventDate "2020.11.21"]
[EventType "team-tourn"]
[EventCountry "NET"]
[SourceTitle "playchess.com"]
[Source "ChessBase"]
[SourceQuality "1"]
[WhiteTeam "Azerbaijan"]
[BlackTeam "Argentina"]
[WhiteTeamCountry "AZE"]
[BlackTeamCountry "ARG"]

1. e4 c5 2. Nf3 e6 3. Nc3 Nc6 4. Bb5 Nd4 5. Bc4 a6 6. a4 g6 7. Nxd4 cxd4 8. Ne2 Bg7 9. d3 Ne7 10. Bg5 h6 11. Bxe7 Qxe7 12. O-O O-O 13. f4 d6 14. Ng3 h5 15. Qf3 Bd7 16. Rae1 Bxa4 17. f5 h4 18. Nh1 Qg5 19. fxe6 fxe6 20. Bxe6+ Kh7 21. Qd1 Rxf1+ 22. Rxf1 Qe3+ 23. Nf2 Rf8 24. b3 Bc6 25. Qg4 Rf4 26. Qh3 Be5 27. Bg4 g5 28. g3 Rf6 29. Bf5+ Kg7 30. Kg2 hxg3 31. hxg3 Rxf5 32. Ng4 Qe2+ 33. Rf2 Rxf2+ 34. Nxf2 Qe3 35. Qg4 Be8 36. Nh3 Qd2+ 37. Nf2 Bf7 38. Qc8 Qe3 39. Qg4 a5 40. Nh3 Qd2+ 41. Nf2 b5 42. Qd7 Qe3 43. Qh3 a4 44. Ng4 Qxg3+ 45. Qxg3 Bxg3 46. Kxg3 a3 47. e5 dxe5 48. Nxe5 a2 49. Nc6 a1=Q 50. b4 Qe1+ 51. Kg4 Qe6+ 52. Kg3 Qxc6 53. c4 bxc4 54. dxc4 d3 55. b5 Qxc4 56. b6 d2 57. b7 Qc7+ 58. Kf2 d1=Q 59. b8=Q Qxb8 60. Ke3 Qe5+ 61. Kf2 Qf4+ 62. Kg2 Bd5+ 0-1

[Event "FIDE Olympiad Disabilties 2020"]
[Site "Online"]
[Date "2020.11.21"]
[Round "7.19"]
[White "Aghalarov, Habibulla"]
[Black "Simone, Valeria"]
[Result "1-0"]
[WhiteElo "1923"]
[BlackElo "1453"]
[Annotator "TA"]
[PlyCount "71"]
[EventDate "2020.11.21"]
[EventType "team-tourn"]
[EventCountry "NET"]
[SourceTitle "playchess.com"]
[Source "ChessBase"]
[SourceQuality "1"]
[WhiteTeam "Azerbaijan"]
[BlackTeam "Argentina"]
[WhiteTeamCountry "AZE"]
[BlackTeamCountry "ARG"]

1. e4 c5 2. Nf3 Nc6 3. Bb5 d6 4. d4 cxd4 5. Qxd4 Bd7 6. Bxc6 Bxc6 7. Nc3 Nf6 8. Bg5 e6 9. O-O-O Be7 10. Rhe1 Qb6 11. Qd2 Rd8 12. Nd4 O-O 13. f3 Rd7 14. Kb1 Rfd8 15. g4 a5 16. a4 Qb4 17. b3 Rc8 18. Ncb5 Qxd2 19. Bxd2 e5 20. Na7 Ra8 21. Ndxc6 bxc6 22. Nxc6 Bd8 23. Nxd8 Rdxd8 24. Bg5 Ra6 25. Bxf6 gxf6 26. Rd5 Kg7 27. h4 Kg6 28. Red1 h5 29. Kb2 Rd7 30. c4 hxg4 31. fxg4 Rd8 32. c5 Rb8 33. Rxd6 Rxd6 34. cxd6 Rd8 35. d7 Kg7 36. b4 1-0